00481nam a2200169Ia 450000500170000000800410001702000150005808200130007310000250008624500240011126000330013530000130016865000170018194200060019895200940020499900130029820250411024109.0240331s9999 xx 000 0 und d a955210209X a294bKAN aKangahaarachchi, T.B 0aTherigatha wiyakkya aColombobM.D.Gunasena c1987 a187 p ., aLove Story cL 001040708LaWERCLbWERCLcSSCd2024-03-31l0o 294 KANp891r2024-03-31w2024-03-31yL c896d896